书目信息 |
| 题名: |
洗手间
|
|
| 作者: | 安德鲁 纳伯格联合国际有限 , 英哈德森 | |
| 分册: | ||
| 出版信息: | 武汉 华中科技大学出版社 2010.06 |
|
| 页数: | 192页 | |
| 开本: | 24cm | |
| 丛书名: | ||
| 单 册: | ||
| 中图分类: | TU767-64 | |
| 科图分类: | ||
| 主题词: | 建筑工程--工程施工 | |
| 电子资源: | ||
| ISBN: | 978-7-5609-6061-6 | |
| 000 | 00710nam0 2200241 45 | |
| 001 | 1033483827 | |
| 005 | 20101217091948.10 | |
| 010 | @a978-7-5609-6061-6@dCNY198.00 | |
| 092 | @aCN@bDY:DYJZ | |
| 100 | @a20101116d2010 ekmy0 y0120 ea | |
| 102 | @aCN@b130000 | |
| 102 | @aCN@b420000 | |
| 105 | @ay z 000yy | |
| 200 | 1 | @a洗手间@f英哈德森著@Fying ha de sen zhu |
| 210 | @a武汉@c华中科技大学出版社@d2010.06 | |
| 215 | @a192页@d24cm | |
| 606 | 0 | @a建筑工程@x工程施工 |
| 690 | @aTU767-64@v4 | |
| 701 | 0 | @a安德鲁 纳伯格联合国际有限 |
| 701 | 0 | @a英哈德森@Aying ha de sen@4著 |
| 801 | 0 | @aCN@b安徽儒林@c20101116 |
| 905 | @a10447@dTU767-64@eY628 | |
| 906 | @b河南城建学院图书馆@n3@r1@cDY:DYJZ@dCNY198.00 | |
| 洗手间/英哈德森著.-武汉:华中科技大学出版社,2010.06 |
| 192页;24cm |
| ISBN 978-7-5609-6061-6:CNY198.00 |
| ● |
| 相关链接 |
|
|
|
正题名:洗手间
索取号:TU767-64/Y628
 
预约/预借
| 序号 | 登录号 | 条形码 | 馆藏地/架位号 | 状态 | 备注 |
| 1 | 825614 | 208256144 | 建筑库201/201建筑库 78排2列5层/ [索取号:TU767-64/Y628] | 在馆 | |
| 2 | 825615 | 208256153 | 建筑库201/201建筑库 78排2列5层/ [索取号:TU767-64/Y628] | 在馆 | |
| 3 | 825616 | 208256162 | 建筑库201/201建筑库 78排2列5层/ [索取号:TU767-64/Y628] | 在馆 |